[Event "IECC CL6-1998.08"]
[Site "IECC email"]
[Date "1998.07.08"]
[Round "?"]
[White "Kaczmarek, Michal"]
[Black "Aspelund, Christoph"]
[Result "1-0"]
[WhiteElo "1132"]
[BlackElo "1212"]
[PlyCount "87"]
[EventDate "1998.??.??"]
[EventType "tourn (corr)"]
[EventRounds "4"]
[SourceTitle "Corr 2008"]
[Source "ChessBase"]
[SourceDate "2008.06.24"]
[SourceVersion "1"]
[SourceVersionDate "2008.06.24"]
[SourceQuality "1"]

1. e4 e5 2. Nf3 Nc6 3. d4 exd4 4. Nxd4 Nf6 5. Nc3 Bb4 6. Nf3 Bxc3+ 7. bxc3 Nxe4 8. Bb2 d5 9. c4 dxc4 10. Qxd8+ Nxd8 11. Bxc4 0-0 12. 0-0 Nc6 13. Rfe1 Bf5 14. Bd5 Rfe8 15. h3 Rad8 16. Rad1 Nb4 17. c4 c6 18. Bxe4 Rxd1 19. Rxd1 Bxe4 20. Ng5 Nxa2 21. Nxe4 f5 22. Nc5 Re2 23. Bd4 b6 24. Nd3 c5 25. Bb2 g5 26. Ne5 Rxb2 27. Rd8+ Kg7 28. Rd7+ Kf6 29. Nc6 a5 30. Rxh7 Rc2 31. Rh6+ Kg7 32. Rh5 Rxc4 33. Rxg5+ Kf6 34. Rh5 a4 35. Rh6+ Kg5 36. Re6 b5 37. Ne5 Rc1+ 38. Kh2 c4 39. Nf3+ Kf4 40. Nd4 b4 41. g3+ Kg5 42. f4+ Kh5 43. g4+ Kh4 44. Nxf5# 1-0

[Event "IECC CL6-1998.08"]
[Site "IECC email"]
[Date "1998.07.08"]
[Round "?"]
[White "Sporn, Michael"]
[Black "Aspelund, Christoph"]
[Result "1-0"]
[WhiteElo "1306"]
[BlackElo "1184"]
[PlyCount "61"]
[EventDate "1998.??.??"]
[EventType "tourn (corr)"]
[EventRounds "4"]
[SourceTitle "Corr 2008"]
[Source "ChessBase"]
[SourceDate "2008.06.24"]
[SourceVersion "1"]
[SourceVersionDate "2008.06.24"]
[SourceQuality "1"]

1. e4 e5 2. Nf3 Nc6 3. Bb5 a6 4. Ba4 Nf6 5. 0-0 Nxe4 6. d4 b5 7. Bb3 d5 8. dxe5 Be6 9. c3 Be7 10. Re1 0-0 11. Nd4 Nxe5 12. f3 Bd6 13. fxe4 Bg4 14. Qc2 c5 15. Ne2 c4 16. Bxc4 dxc4 17. Nd2 Qh4 18. g3 Qh3 19. Nf4 Nf3+ 20. Nxf3 Bxf4 21. Bxf4 Bxf3 22. Re3 Bg4 23. Rf1 f5 24. e5 h6 25. e6 Rfe8 26. e7 Kf7 27. Qd2 Rxe7 28. Qd5+ Kf6 29. Rxe7 Kxe7 30. Re1+ Kf6 31. Qe6# 1-0